Pride and prejudice
Αποθηκεύτηκε σε:
| Κύριος συγγραφέας: | |
|---|---|
| Άλλοι συγγραφείς: | |
| Μορφή: | Βιβλίο |
| Γλώσσα: | English |
| Δημοσίευση: |
Oxford :
Oxford University Press,
c1995
|
| Σειρά: | Oxford bookworms. Black series ;
; Stage 6 |
| Θέματα: | |
| Ετικέτες: |
Προσθήκη ετικέτας
Δεν υπάρχουν, Καταχωρήστε ετικέτα πρώτοι!
|
MARC
| LEADER | 00000cam a2200000 i 4500 | ||
|---|---|---|---|
| 001 | 1/49332 | ||
| 008 | 980205s1995 eng d | ||
| 020 | |a 0194227103 | ||
| 035 | |l 10026819 | ||
| 040 | |a GR-MY-UA |b gre |e aacr | ||
| 041 | 0 | |a eng | |
| 082 | 0 | |a 428.64 | |
| 100 | 1 | |a Austen, Jane |d 1775-1817. | |
| 245 | 1 | 0 | |a Pride and prejudice / |c Jane Austen ; retold by: Clare West |
| 260 | |a Oxford : |b Oxford University Press, |c c1995 | ||
| 300 | |a 108 p. | ||
| 490 | 1 | |a Oxford bookworms. Black series |v ; Stage 6 | |
| 650 | 0 | 0 | |a English language |v Textbooks for foreign speakers. |
| 700 | 1 | |a West, Clare. | |
| 830 | 0 | |a Oxford bookworms. Black series ; |v ; Stage 6 | |
| 852 | |a INST |b CHIOS |e 19980205 |h 428.64 AUS |p 005200009972 |q 005200009972 |t BK |y 12 | ||
| 901 | |a BIBL-1998-1 | ||
| 909 | |a Χ |b 052588 | ||
| 922 | |a 2ΕΛΗ |b 199712 |c ΣΟΥΚΑΣ |d ΠΑΠΑΣΩΤΗΡΙΟΥ | ||